000 00539nam a2200181Ia 4500
003 GCL
008 140319s9999 xx 000 0 ara d
040 _aGCL /
_cGCL
082 0 4 _a925
_bى ع
100 1 _aيوسف فرحات
245 1 0 _aعلماء العرب /
_cيوسف فرحات
300 _a214 ص
490 _aكتاب الموسوعة
_v0
650 0 4 _aالحضارة العربية الاسلامية - المعارف البحرية
650 0 4 _aالتراجم
650 0 4 _aالعلماء العرب
942 _2ddc
_cBK
999 _c48507
_d48507